<?xml version="1.0" encoding="UTF-8"?>
<collection xmlns="http://www.loc.gov/MARC21/slim">
  <record>
    <leader>00000nam  2200000   4500</leader>
    <controlfield tag="001">INLIS000000000017392</controlfield>
    <controlfield tag="005">20240830032258</controlfield>
    <datafield tag="035" ind1="#" ind2="#">
      <subfield code="a">0010-0824000013</subfield>
    </datafield>
    <controlfield tag="007">ta</controlfield>
    <controlfield tag="008">240830################|##########|#|##</controlfield>
    <datafield tag="084" ind1="#" ind2="#">
      <subfield code="a">R 037 PKP 2023</subfield>
    </datafield>
    <datafield tag="100" ind1=" " ind2="#">
      <subfield code="a">Adhitya Abriansyah Afandi</subfield>
    </datafield>
    <datafield tag="245" ind1="1" ind2="#">
      <subfield code="a">Optimalisasi Pelayanan Tata Usaha di Pusat Pemberdayaan Kemitraan APU PPT Dalam Mendukung Rezim APU PPT Di Indonesia /</subfield>
      <subfield code="c">Adhitya Abriansyah Afandi</subfield>
    </datafield>
    <datafield tag="260" ind1="#" ind2="#">
      <subfield code="a">Jakarta :</subfield>
      <subfield code="b">Pusbangkom Pimnas dan Manajerial ASN,</subfield>
      <subfield code="c">2023</subfield>
    </datafield>
    <datafield tag="300" ind1="#" ind2="#">
      <subfield code="a">53 halaman ;</subfield>
      <subfield code="c">30 cm</subfield>
    </datafield>
    <datafield tag="650" ind1="#" ind2="4">
      <subfield code="a">Pelayanan</subfield>
    </datafield>
    <datafield tag="520" ind1="#" ind2="#">
      <subfield code="a">Laporan aksi perubahan ini berisikan tentang deskripsi proses kepemimpinan atau gambaran tentang proses kepemimpinan, menggambarkan peran leader dalam membangun integritas dan akuntabilitas kinerja organisasi, pengelolaan budaya kerja, membangun jejaring kerja, manfaat aksi perubahan dan strategi pengembangan kompentensi. Deskripsi hasil kepemimpinan, menjelaskan capaian aksi perubahan dan gambaran kepemimpinan transformasional. Keberlanjutan aksi perubahan, meliputi tindak lanjut kegiatan jangka pendek dengan menetapkan capaian jangka menengah dan jangka panjang. Serta berisi keterkaitan dengan mata pelatihan pilihan, desiminasi dan publikasi aksi perubahan terakhir pelaksanaan pengembangan potensi diri. Secara umum pelaksanaan seluruh tahapan aksi perubahan telah dilaksanakan sesuai dengan rencana ada beberapa tambahan kegiatan yang sudah terlaksana secara baik dengan bukti sesuai evidence setiap tahapan kegiatan.</subfield>
    </datafield>
    <datafield tag="856" ind1="#" ind2="#">
      <subfield code="a">Perpustakaan LAN Pusat</subfield>
    </datafield>
    <datafield tag="990" ind1="#" ind2="#">
      <subfield code="a">24.08.037</subfield>
    </datafield>
  </record>
</collection>
